The Great 1970s Quiz Stats

 Plays Quiz Updated May 8, 2019

Score 0/84 Timer 12:00
3 Plays Today
Category Answer % Correct
World Series WinnersNew York Yankees
84.6%
World Series WinnersNew York Yankees
84.6%
World Series WinnersCincinnati Reds
75.1%
World Series WinnersCincinnati Reds
75.1%
Super Bowl WinnersPittsburgh Steelers
73.3%
Super Bowl WinnersPittsburgh Steelers
73.3%
Super Bowl WinnersPittsburgh Steelers
73.3%
Super Bowl WinnersDallas Cowboys
72.7%
Super Bowl WinnersDallas Cowboys
72.7%
Super Bowl WinnersMiami Dolphins
60%
Super Bowl WinnersMiami Dolphins
60%
World Series WinnersOakland Athletics
60%
World Series WinnersOakland Athletics
60%
World Series WinnersOakland Athletics
60%
Time Magazine People of the YearRichard Nixon
56.6%
Super Bowl WinnersOakland Raiders
56.2%
Time Magazine People of the YearJimmy Carter
54.6%
Time Magazine People of the YearHenry Kissinger and Richard Nixon
51.8%
Oscar Winners for Best PictureThe Godfather
51.8%
World Series WinnersPittsburgh Pirates
51.4%
World Series WinnersPittsburgh Pirates
51.4%
Olympics Host CitiesMunich, West Germany
51.1%
Super Bowl WinnersBaltimore Colts
49.1%
World Series WinnersBaltimore Orioles
47.6%
Most Watched TV Programs (US)All in the Family
47%
Most Watched TV Programs (US)All in the Family
47%
Most Watched TV Programs (US)All in the Family
47%
Most Watched TV Programs (US)All in the Family
47%
Category Answer % Correct
Most Watched TV Programs (US)All in the Family
47%
Super Bowl WinnersKansas City Chiefs
45.3%
Oscar Winners for Best PictureThe Godfather, Part II
42.8%
Significant World LeadersMao Zedong (1949-76)
40.9%
Olympics Host CitiesMontreal, Canada
38.2%
Significant World LeadersIdi Amin
33.9%
Oscar Winners for Best PictureRocky
30.9%
Most Watched TV Programs (US)60 Minutes
28.9%
Oscar Winners for Best PictureKramer vs. Kramer
28.5%
Most Watched TV Programs (US)Happy Days
24.1%
Significant World LeadersPierre Trudeau
23.9%
Oscar Winners for Best PictureThe Deer Hunter
23.6%
Grammy Award for Record of the YearThe Eagles (Hotel California)
23.5%
Oscar Winners for Best PictureOne Flew Over the Cuckoo's Nest
22.1%
Significant World LeadersLeonid Brezhnev
21.6%
Oscar Winners for Best PictureThe Sting
20.9%
Significant World LeadersAugusto Pinochet
20.5%
Oscar Winners for Best PictureThe French Connection
18.9%
Oscar Winners for Best PictureAnnie Hall
18.6%
Oscar Winners for Best PicturePatton
18.5%
Time Magazine People of the YearWilly Brandt
17.9%
Olympics Host CitiesInnsbruck, Austria
15.9%
Countries Gaining Indepedence from UKBahamas
14.7%
Significant World LeadersWilly Brandt (1969-74)
12.9%
Time Magazine People of the YearAnwar Sadat
12.7%
Most Watched TV Programs (US)Laverne & Shirley
12.5%
Time Magazine People of the YearDeng Xiaoping
11.9%
Olympics Host CitiesSapporo, Japan
10.9%
Category Answer % Correct
Most Watched TV Programs (US)Three's Company
10%
Countries Gaining Indepedence from UKGrenada
10%
Grammy Award for Record of the YearCarole King (It's Too Late)
8.7%
Countries Gaining Indepedence from UKFiji
8.5%
Grammy Award for Record of the YearSimon & Garfunkel (Bridge Over Troubled Water)
7.8%
Grammy Award for Record of the YearBilly Joel (Just the Way You Are)
6.8%
Significant World LeadersHelmut Schmidt (1974-82)
6.7%
Countries Gaining Indepedence from UKDominica
6.7%
Countries Gaining Indepedence from UKSt. Lucia
6.5%
Countries Gaining Indepedence from UKSt. Vincent and the Grenadines
6.2%
Time Magazine People of the YearAyatollah Khomeini
5.7%
Countries Gaining Indepedence from UKSolomon Islands
5.3%
Significant World LeadersGeorges Pompidou (1969-74)
4.9%
Significant World LeadersValéry Giscard d'Estaing (1974-81)
4.8%
Grammy Award for Record of the YearRoberta Flack (The First Time Ever I Saw Your Face)
4.7%
Grammy Award for Record of the YearRoberta Flack (Killing Me Softly With His Song)
4.5%
Countries Gaining Indepedence from UKSeychelles
4.4%
Grammy Award for Record of the YearCaptain & Tennille (Love Will Keep Us Together)
3.4%
Grammy Award for Record of the YearOlivia Newton-John (I Honestly Love You)
3.1%
Most Watched TV Programs (US)Marcus Welby, M.D.
3.1%
Countries Gaining Indepedence from UKBahrain
2.8%
Countries Gaining Indepedence from UKUnited Arab Emirates
2.8%
Time Magazine People of the YearAmerican Women
2.5%
Time Magazine People of the YearJohn Sirica
2.2%
Grammy Award for Record of the YearThe 5th Dimension (Aquarius - Let the Sun Shine In)
1.9%
Grammy Award for Record of the YearGeorge Benson (This Masquerade)
1.7%
Time Magazine People of the YearKing Faisal
1.4%
Significant World LeadersHua Guofeng (1976-81)
0.9%

You're not logged in!

Compare scores with friends on all Sporcle quizzes.
OR
Log In

Sporcle TV

Today on Sporcle TV


Watch our educational content, quiz creation guides, and fun videos on Sporcle TV.

Show Comments

Extras

Top Quizzes Today


Score Distribution

Your Account Isn't Verified!

In order to create a playlist on Sporcle, you need to verify the email address you used during registration. Go to your Sporcle Settings to finish the process.

Report this User

Report this user for behavior that violates our Community Guidelines.

Details: